000 00572nam a2200157Ia 4500
008 150610s9999 xx 000 0 und d
020 _a1587430517
050 _aBV4817
_b.W32 2002
100 _aWadell, Paul J.
245 _aBecoming friends:
_bworship, justice, and the practice of Christian friendship /
_cPaul J. Wadell.
260 _aQuezon City, Philippines :
_bClaretians Publications,
_c2002.
300 _a186pages ;
_c22 cm.
520 _aWorship and love.
650 _aChristian life
_xCatholic authors.
650 _aFriendship-Religious aspects
_xChristianity.
999 _c287979
_d287979